000 00496nam a2200181Ia 4500
001 2313
005 20260306144757.0
008 260306t2013||||xx |||||||||||||| ||spa||
041 _aESP
082 _a616.8589
_bB73
100 _aBoneta Osorio, Verónica Beatriz
_eAUT
245 0 _aComo pienso soy:
_btratamiento para niños con dificultades de atención e impulsividad
260 _c2013
300 _a184 páginas :
_c21 cm.
650 _aGEN
654 _aCPS
942 _cLIB
_dJUS
_fJUS
_2ddc
_n
999 _c2313
_d2313